000 nam a22 7a 4500
999 _c2877
_d2877
005 20170518144558.0
008 170518b1986 ny ||||| |||| 00| 0 eng d
020 _a 007025947X (pbk.)
040 _aAKMAL
082 _a658 HAM
090 _a658
_bHAM
245 0 0 _a Inside management :
_ba selection of readings from Business week /
_c [edited by] David R. Hampton.
260 _aNew York :
_bMcGraw-Hill,
_cc1986
300 _aix, 250 p. :
_bill. ;
_c24 cm
650 0 _aIndustrial management
_zUnited States
_95970
700 1 _aHampton, David R.
_96052
942 _2ddc
_cBOOK